01865cam a2200409 i 45000010005000000030006000050050017000110080041000280100017000690200030000860200026001160200042001420200018001840400032002020420008002340430021002420500022002630820022002851000025003072450120003322500038004522600039004903000025005293360026005543370028005803380027006085200522006356000041011576000035011986500029012336500024012626500044012866500049013306500016013797000028013957000032014233222FISKH20240220143731.0140730s2015 nyu 000 0 eng c a 2014030355 a9780316241311 (hardcover) z9780316241342 (ebook) z9780316241328 (library edition ebook) a9780316241335 aIEN/DLCbengcIENerdadDLC apcc an-us---af-rh---00aLB3614b.A45 201500a305.2350968912231 aAlifirenka, Caitlin,10aI will always write back :bhow one letter changed two lives /cCaitlin Alifirenka & Martin Ganda ; with Liz Welch. aFirst paperback edition May 2016  aNew York : bLittle Brown, c2015  a402 pages : c21 cm  atextbtxt2rdacontent aunmediatedbn2rdamedia avolumebnc2rdacarrier aMartin was lucky to even receive a pen-pal letter. There were only ten letters, and fifty kids in his class. But he was the top student, so he got the first one. That letter was the beginning of a correspondence that spanned six years and changed two lives. In this compelling dual memoir, Caitlin and Martin recount how they became best friends and better people through their long-distance exchange. Their story will inspire you to look beyond your own life and wonder about the world at large and your place in it.10aAlifirenka, CaitlinvCorrespondence.10aGanda, MartinvCorrespondence. 0aPen palszUnited States. 0aPen palszZimbabwe. 0aTeenagerszZimbabwexSocial conditions. 0aTeenagerszUnited StatesxSocial conditions. 0aFriendship.1 aGanda, Martin.eAuthor 1 aWelch, Liz,d1969-eAuthor